Statistics for January 2020 Transfers

Click here to take the quiz!

General Stats

  • This quiz has been taken 28 times
  • The average score is 14 of 25

Answer Stats

FromToAnswer% Correct
SportingMan UnitedBruno Fernandes
100%
BenficaSpursGedson Fernandes
100%
SpursInterChristian Eriksen
96%
SalzburgDortmundErling Haaland
96%
PSVSpursSteven Bergwijn
92%
DortmundVillarrealPaco Alcacer
76%
SalzburgLiverpoolTakumi Minamino
76%
YifangAtleticoYannick Carrasco
72%
JuventusDortmundEmre Can
68%
MilanHerthaKrzysztof Piatek
68%
SpursNewcastleDanny Rose
64%
Man CityLeipzigAngelino
56%
ZagrebLeipzigDani Olmo
52%
ShanghaiMan UnitedOdion Ighalo
52%
DortmundBenficaJulian Weigl
48%
EvertonCrystal PalaceCenk Tosun
44%
Real MadridBayernAlvaro Odriozola
36%
OlympiacosWolvesDaniel Podence
32%
River PlateBayer 04Exequiel Palacios
32%
FlamengoReal MadridReinier
32%
MilanSevillaSuso
32%
RomaValenciaAlessandro Florenzi
24%
InterNapoliMatteo Politano
24%
LeipzigNapoliDiego Demme
20%
BesiktasFeyenoordOzan Ozyakup
4%

Score Distribution

Percentile by Number Answered

Percent of People with Each Score

Your Score History

You have not taken this quiz